Countries With Highest Muslim Population by Continent - Statistics

General Stats
  • This quiz has been taken 179 times
  • The average score is 24 of 36
Answer Stats
Continent # % Answer % Correct
North America 5 1.1 United States
92%
North America 2 4.9 Canada
88%
Europe 2 58.8 Albania
85%
Africa 3 99 Algeria
85%
Asia 3 99.4 Iran
84%
Oceania 3 3.2 Australia
83%
Africa 3 99 Morocco
83%
Europe 3 50.7 Bosnia and Herzegovina
82%
Europe 1 93 Kosovo
80%
Oceania 4 0.9 New Zealand
79%
Asia 2 99.7 Afghanistan
77%
South America 5 0.02–0.7 Brazil
77%
Asia 6 97.2 Yemen
76%
Africa 5 98.3 Niger
74%
Africa 2 99.8 Somalia
74%
South America 3 0.9 Argentina
72%
Europe 4 33.3 North Macedonia
70%
Oceania 1 6.3 Fiji
69%
Africa 1 99.9 Mauritania
67%
South America 2 7.3 Guyana
66%
Europe 6 13.4 Bulgaria
65%
South America 1 14.3 Suriname
65%
South America 6 0.2 Colombia
64%
Asia 6 97.2 Jordan
63%
Europe 5 19.1 Montenegro
63%
Asia 1 100 Maldives
62%
South America 4 0.4 Venezuela
61%
Oceania 2 3.8 Palau
52%
Asia 5 97.3 Azerbaijan
50%
North America 1 5.8 Trinidad and Tobago
49%
Oceania 5 0.1 Tuvalu
49%
North America 6 0.7 Panama
48%
Africa 5 98.3 Comoros
47%
Asia 4 97.9 Tajikistan
46%
North America 4 1.5 Barbados
37%
North America 3 1.7 Saint Vincent and the Grenadines
37%
No matching quizzes found
Score Distribution
Percent of People with Each Score
Percentile by Number Answered
Your Score History
You have not taken this quiz